000
00349pab a2200157 454500
008
180718b2012 xxu||||| |||| 00| 0 eng d
100
_a
Vivek, S.
245
_a
India: Urban land management in new era
260
_c
2012
300
_a
p.20-29.
362
_a
Oct-Dec
650
_a
Land use
773
_a
Nagarlok
908
_a
N
909
_a
99562
999
_c
99561
_d
99561